[Event "GER-ch Youth U12 2020"]
[Site "Willingen"]
[Date "2020.10.28"]
[Round "3.24"]
[White "Stadelmann, Constantin"]
[Black "Huber, Benedikt"]
[Result "0-1"]
[WhiteElo "1366"]
[BlackElo "1725"]
[Annotator "NA"]
[PlyCount "56"]
[EventDate "2020.10.27"]
[EventType "swiss"]
[EventRounds "7"]
[EventCountry "GER"]
[SourceTitle "playchess.com"]
[Source "ChessBase"]
[SourceQuality "1"]
[TimeControl "40/5400+30:1800+30"]

1. d4 {[%emt 0:00:00]} d5 {[%emt 0:00:00]} 2. Nf3 {[%emt 0:00:00]} Nf6 {[%emt 0:00:00]} 3. e3 {[%emt 0:00:00]} c6 {[%emt 0:00:39]} 4. Bd3 {[%emt 0:00:10]} Bg4 {[%emt 0:00:19]} 5. c4 {[%emt 0:00:32]} e6 {[%emt 0:02:02]} 6. O-O {[%emt 0:01:46]} Bd6 {[%emt 0:02:25]} 7. b3 {[%emt 0:00:41]} Nbd7 {[%emt 0:00:38]} 8. Bb2 {[%emt 0:01:04]} O-O {[%emt 0:02:46]} 9. Nbd2 {[%emt 0:00:24]} Rc8 {[%emt 0:13:35]} 10. Qe1 {[%emt 0:02:28]} b6 {[%emt 0:11:24]} 11. Ne5 {[%emt 0:01:02]} Bh5 {[%emt 0:01:30]} 12. f4 {[%emt 0:00:15]} Bg6 {[%emt 0:02:42]} 13. f5 {[%emt 0:03:35]} exf5 {[%emt 0:02:11]} 14. Bxf5 {[%emt 0:02:44]} Bxf5 15. Rxf5 {[%emt 0:00:25]} Re8 {[%emt 0:09:48]} 16. g4 {[%emt 0:07:53]} g6 {[%emt 0:06:44]} 17. Rf3 {[%emt 0:01:07]} Nxe5 {[%emt 0:01:39]} 18. dxe5 {[%emt 0:00:50]} Bxe5 {[%emt 0:01:36]} 19. Bxe5 {[%emt 0:01:13]} Rxe5 {[%emt 0:00:45]} 20. Qf2 {[%emt 0:00:29]} Nxg4 {[%emt 0:09:52]} 21. Qg3 {[%emt 0:00:35]} Qg5 {[%emt 0:01:18]} 22. Raf1 {[%emt 0:05:14]} Nxe3 {[%emt 0:04:23]} 23. Rxf7 {[%emt 0:05:11]} Nxf1 {[%emt 0:00:48]} 24. Rxf1 {[%emt 0:05:00]} Qxg3+ {[%emt 0:00:07]} 25. hxg3 {[%emt 0:00:19]} Re2 {[%emt 0:00:32]} 26. Nf3 {[%emt 0:01:59]} dxc4 {[%emt 0:00:16]} 27. bxc4 {[%emt 0:00:23]} Rxa2 {[%emt 0:00:04]} 28. Re1 {[%emt 0:01:29]} b5 {[%emt 0:01:23]} 0-1

[Event "GER-ch Youth U12 2020"]
[Site "Willingen"]
[Date "2020.10.28"]
[Round "3.25"]
[White "Detjen, Mattes"]
[Black "Göpfert, Gregor"]
[Result "1/2-1/2"]
[WhiteElo "1190"]
[BlackElo "1603"]
[Annotator "NA"]
[PlyCount "115"]
[EventDate "2020.10.27"]
[EventType "swiss"]
[EventRounds "7"]
[EventCountry "GER"]
[SourceTitle "playchess.com"]
[Source "ChessBase"]
[SourceQuality "1"]
[TimeControl "40/5400+30:1800+30"]

1. e4 {[%emt 0:00:00]} e5 {[%emt 0:00:00]} 2. Nf3 {[%emt 0:00:00]} Nc6 {[%emt 0:00:00]} 3. d4 {[%emt 0:00:19]} exd4 {[%emt 0:00:01]} 4. Nxd4 {[%emt 0:00:38]} Bc5 {[%emt 0:00:06]} 5. Be3 {[%emt 0:00:50]} Qf6 {[%emt 0:00:12]} 6. c3 {[%emt 0:00:59]} Nge7 {[%emt 0:00:35]} 7. g3 {[%emt 0:01:05]} b6 {[%emt 0:03:42]} 8. Bg2 {[%emt 0:01:06]} Bb7 {[%emt 0:01:05]} 9. O-O {[%emt 0:02:58]} O-O-O {[%emt 0:00:49]} 10. b4 {[%emt 0:01:20]} Bxd4 {[%emt 0:03:58]} 11. Bxd4 {[%emt 0:00:35]} Nxd4 {[%emt 0:01:11]} 12. cxd4 {[%emt 0:01:54]} d5 {[%emt 0:05:00]} 13. e5 {[%emt 0:01:22]} Qe6 {[%emt 0:05:59]} 14. a4 {[%emt 0:00:58]} a6 {[%emt 0:03:53]} 15. Qc1 {[%emt 0:02:17]} Qg4 {[%emt 0:04:52]} 16. Rd1 {[%emt 0:01:32]} h5 {[%emt 0:03:40]} 17. Rd2 {[%emt 0:02:02]} Kb8 {[%emt 0:01:45]} 18. h3 {[%emt 0:02:12]} Qg5 {[%emt 0:01:34]} 19. Ra3 {[%emt 0:01:25]} h4 {[%emt 0:05:14]} 20. g4 {[%emt 0:01:10]} f5 {[%emt 0:04:23]} 21. exf6 {[%emt 0:00:43]} Qxf6 {[%emt 0:00:34]} 22. Rc3 {[%emt 0:03:22]} Rd7 {[%emt 0:01:31]} 23. Rdc2 {[%emt 0:05:26]} Qd6 {[%emt 0:07:14]} 24. b5 {[%emt 0:01:42]} a5 {[%emt 0:01:20]} 25. Nd2 {[%emt 0:01:33]} Ng6 {[%emt 0:01:36]} 26. Nf1 {[%emt 0:04:00]} Nf4 {[%emt 0:03:11]} 27. Ne3 {[%emt 0:01:13]} g6 {[%emt 0:01:42]} 28. Nf1 {[%emt 0:07:08]} Ne6 {[%emt 0:02:14]} 29. Rd3 {[%emt 0:01:18]} Rf7 {[%emt 0:03:13]} 30. Nd2 {[%emt 0:02:45]} Qb4 {[%emt 0:05:56]} 31. Qa3 {[%emt 0:04:45]} Qxa3 {[%emt 0:00:51]} 32. Rxa3 {[%emt 0:00:03]} Nxd4 {[%emt 0:00:37]} 33. Rb2 {[%emt 0:01:14]} Rhf8 {[%emt 0:02:38]} 34. Nb3 {[%emt 0:01:13]} Nxb3 {[%emt 0:01:15]} 35. Raxb3 {[%emt 0:00:06]} Rf4 {[%emt 0:00:54]} 36. Ra3 {[%emt 0:02:03]} Kc8 {[%emt 0:02:16]} 37. Re2 {[%emt 0:01:46]} Kd7 {[%emt 0:02:22]} 38. Kf1 {[%emt 0:00:37]} Kd6 {[%emt 0:03:01]} 39. Ke1 {[%emt 0:00:17]} Bc8 {[%emt 0:05:15]} 40. Raa2 {[%emt 0:00:55]} Rd4 {[%emt 0:01:14]} 41. Red2 {[%emt 0:33:10]} Rff4 {[%emt 0:30:44]} 42. Rxd4 {[%emt 0:01:24]} Rxd4 {[%emt 0:00:18]} 43. Ke2 {[%emt 0:00:10]} Kc5 {[%emt 0:05:33]} 44. Rc2+ {[%emt 0:01:23]} Rc4 {[%emt 0:03:08]} 45. Rxc4+ {[%emt 0:01:46]} Kxc4 {[%emt 0:01:31]} 46. f4 {[%emt 0:00:21]} Be6 {[%emt 0:00:00]} 47. Kf3 {[%emt 0:00:00]} Kb4 {[%emt 0:00:00]} 48. f5 {[%emt 0:00:00]} gxf5 {[%emt 0:00:00]} 49. g5 {[%emt 0:00:00]} Kxa4 {[%emt 0:00:00]} 50. g6 {[%emt 0:00:00]} Kb3 {[%emt 0:00:00]} 51. Kf4 {[%emt 0:00:00]} a4 {[%emt 0:00:00]} 52. Ke5 {[%emt 0:00:00]} Bg8 {[%emt 0:00:00]} 53. Bxd5+ {[%emt 0:00:00]} Bxd5 {[%emt 0:00:00]} 54. Kxd5 {[%emt 0:00:00]} a3 {[%emt 0:00:00]} 55. g7 {[%emt 0:00:00]} a2 {[%emt 0:00:00]} 56. g8=Q a1=Q 57. Kc6+ {[%emt 0:00:00]} Kb4 {[%emt 0:00:00]} 58. Qf8+ {[%emt 0:00:00]} 1/2-1/2

[Event "GER-ch Youth U12 2020"]
[Site "Willingen"]
[Date "2020.10.28"]
[Round "3.26"]
[White "Schneble, Milan"]
[Black "Müller, Mitja"]
[Result "1/2-1/2"]
[WhiteElo "1418"]
[BlackElo "1360"]
[Annotator "NA"]
[PlyCount "42"]
[EventDate "2020.10.27"]
[EventType "swiss"]
[EventRounds "7"]
[EventCountry "GER"]
[SourceTitle "playchess.com"]
[Source "ChessBase"]
[SourceQuality "1"]
[TimeControl "40/5400+30:1800+30"]

1. d4 {[%emt 0:00:00]} d5 {[%emt 0:00:00]} 2. e3 {[%emt 0:00:00]} Nf6 {[%emt 0:00:13]} 3. c4 {[%emt 0:00:17]} e6 {[%emt 0:00:17]} 4. Nc3 {[%emt 0:00:27]} Nbd7 {[%emt 0:00:31]} 5. Nf3 {[%emt 0:00:48]} b6 {[%emt 0:00:20]} 6. Be2 {[%emt 0:01:48]} Be7 {[%emt 0:00:17]} 7. O-O {[%emt 0:02:16]} O-O {[%emt 0:00:07]} 8. Re1 {[%emt 0:05:04]} c5 {[%emt 0:00:17]} 9. dxc5 {[%emt 0:01:12]} Nxc5 {[%emt 0:01:03]} 10. cxd5 {[%emt 0:03:04]} Nxd5 {[%emt 0:02:54]} 11. Nxd5 {[%emt 0:00:44]} Qxd5 {[%emt 0:01:09]} 12. Nd4 {[%emt 0:02:28]} Bb7 {[%emt 0:07:14]} 13. Bf3 {[%emt 0:00:46]} Qd6 {[%emt 0:01:15]} 14. Bxb7 {[%emt 0:01:23]} Nxb7 {[%emt 0:00:13]} 15. Qf3 {[%emt 0:02:30]} Nc5 {[%emt 0:02:54]} 16. Rd1 {[%emt 0:00:55]} Rfd8 {[%emt 0:00:39]} 17. Bd2 {[%emt 0:01:01]} Rac8 {[%emt 0:03:40]} 18. Bc3 {[%emt 0:01:38]} Qd5 {[%emt 0:05:27]} 19. Qxd5 {[%emt 0:11:02]} Rxd5 {[%emt 0:00:36]} 20. Rac1 {[%emt 0:07:37]} Rcd8 {[%emt 0:01:34]} 21. Rf1 {[%emt 0:03:17]} Rc8 {[%emt 0:10:06]} 1/2-1/2

[Event "GER-ch Youth U12 2020"]
[Site "Willingen"]
[Date "2020.10.28"]
[Round "3.27"]
[White "Ehrlich, Patrick"]
[Black "Ivanov, Alexander"]
[Result "0-1"]
[WhiteElo "1448"]
[BlackElo "1261"]
[Annotator "NA"]
[PlyCount "108"]
[EventDate "2020.10.27"]
[EventType "swiss"]
[EventRounds "7"]
[EventCountry "GER"]
[SourceTitle "playchess.com"]
[Source "ChessBase"]
[SourceQuality "1"]
[TimeControl "40/5400+30:1800+30"]

1. d4 {[%emt 0:00:00]} f5 {[%emt 0:00:00]} 2. e4 {[%emt 0:00:00]} fxe4 {[%emt 0:00:00]} 3. Nc3 {[%emt 0:00:00]} Nf6 {[%emt 0:00:04]} 4. Bg5 {[%emt 0:00:18]} g6 {[%emt 0:03:57]} 5. Bxf6 {[%emt 0:01:39]} exf6 {[%emt 0:00:06]} 6. Nxe4 {[%emt 0:00:25]} Qe7 {[%emt 0:00:24]} 7. Qe2 {[%emt 0:00:04]} f5 {[%emt 0:00:52]} 8. Nf6+ {[%emt 0:01:18]} Kf7 {[%emt 0:01:08]} 9. Qxe7+ {[%emt 0:00:15]} Bxe7 {[%emt 0:00:24]} 10. Nd5 {[%emt 0:00:16]} Bd6 {[%emt 0:01:10]} 11. O-O-O {[%emt 0:00:41]} Nc6 {[%emt 0:00:33]} 12. Bc4 {[%emt 0:00:20]} Kg7 {[%emt 0:00:43]} 13. Nf3 {[%emt 0:00:47]} Nb4 {[%emt 0:04:41]} 14. Nxb4 {[%emt 0:06:15]} Bxb4 {[%emt 0:00:08]} 15. c3 {[%emt 0:00:46]} Bd6 {[%emt 0:02:26]} 16. h4 {[%emt 0:02:37]} b6 {[%emt 0:00:30]} 17. h5 {[%emt 0:02:23]} Bb7 {[%emt 0:02:01]} 18. d5 {[%emt 0:00:51]} Bf4+ {[%emt 0:04:13]} 19. Kb1 {[%emt 0:00:59]} a6 {[%emt 0:00:37]} 20. g3 {[%emt 0:01:52]} Bd6 {[%emt 0:01:52]} 21. h6+ {[%emt 0:00:04]} Kf6 {[%emt 0:00:46]} 22. a4 {[%emt 0:04:26]} Rhd8 {[%emt 0:02:38]} 23. Rhe1 {[%emt 0:01:08]} Re8 {[%emt 0:02:56]} 24. Rxe8 {[%emt 0:02:43]} Rxe8 {[%emt 0:00:08]} 25. b4 {[%emt 0:00:23]} a5 {[%emt 0:01:28]} 26. b5 {[%emt 0:02:09]} Bc5 {[%emt 0:00:44]} 27. Nd4 {[%emt 0:01:16]} Kg5 {[%emt 0:02:46]} 28. Rh1 {[%emt 0:06:07]} Bxd4 {[%emt 0:00:51]} 29. cxd4 {[%emt 0:00:24]} c6 {[%emt 0:00:30]} 30. dxc6 {[%emt 0:00:29]} dxc6 {[%emt 0:00:15]} 31. Rh4 {[%emt 0:02:16]} Re4 {[%emt 0:01:43]} 32. Rxe4 {[%emt 0:02:06]} fxe4 {[%emt 0:00:11]} 33. Kc2 {[%emt 0:00:11]} cxb5 {[%emt 0:00:50]} 34. Bxb5 {[%emt 0:01:58]} Kg4 {[%emt 0:01:00]} 35. Be2+ {[%emt 0:00:41]} Kh3 {[%emt 0:00:32]} 36. Kd2 {[%emt 0:01:01]} Kg2 {[%emt 0:01:00]} 37. Ke3 {[%emt 0:00:14]} Bc6 {[%emt 0:01:04]} 38. Bb5 {[%emt 0:08:39]} Bxb5 {[%emt 0:02:55]} 39. axb5 {[%emt 0:00:22]} a4 {[%emt 0:00:15]} 40. d5 {[%emt 0:00:06]} a3 {[%emt 0:00:06]} 41. d6 {[%emt 0:30:47]} a2 {[%emt 0:30:21]} 42. d7 {[%emt 0:00:04]} a1=Q 43. d8=Q {[%emt 0:00:13]} Qe1+ {[%emt 0:00:41]} 44. Kf4 {[%emt 0:00:24]} Qxf2+ {[%emt 0:00:15]} 45. Ke5 {[%emt 0:01:52]} Qxg3+ {[%emt 0:00:16]} 46. Kd4 {[%emt 0:01:32]} Qd3+ {[%emt 0:00:14]} 47. Ke5 {[%emt 0:00:36]} Qxd8 {[%emt 0:00:16]} 48. Ke6 {[%emt 0:01:55]} e3 {[%emt 0:00:28]} 49. Kf7 {[%emt 0:00:29]} Qc7+ {[%emt 0:00:17]} 50. Kf6 {[%emt 0:00:32]} e2 {[%emt 0:00:11]} 51. Kg5 {[%emt 0:00:28]} e1=Q 52. Kf6 {[%emt 0:00:28]} Qf4+ {[%emt 0:00:36]} 53. Kg7 {[%emt 0:00:19]} Qe7+ {[%emt 0:00:13]} 54. Kg8 Qff8# 0-1

[Event "GER-ch Youth U12 2020"]
[Site "Willingen"]
[Date "2020.10.28"]
[Round "3.28"]
[White "Schwarz, David"]
[Black "Bondarcuks, Timurs"]
[Result "1-0"]
[WhiteElo "1200"]
[BlackElo "1198"]
[Annotator "NA"]
[PlyCount "37"]
[EventDate "2020.10.27"]
[EventType "swiss"]
[EventRounds "7"]
[EventCountry "GER"]
[SourceTitle "playchess.com"]
[Source "ChessBase"]
[SourceQuality "1"]
[TimeControl "40/5400+30:1800+30"]

1. e4 {[%emt 0:00:00]} e5 {[%emt 0:00:00]} 2. Nf3 {[%emt 0:00:00]} Nc6 {[%emt 0:00:00]} 3. Bb5 {[%emt 0:00:00]} a6 {[%emt 0:00:00]} 4. Ba4 {[%emt 0:00:02]} Nf6 {[%emt 0:00:54]} 5. O-O {[%emt 0:00:11]} Bc5 {[%emt 0:00:59]} 6. Nxe5 {[%emt 0:05:05]} Bxf2+ {[%emt 0:05:16]} 7. Rxf2 {[%emt 0:00:36]} Nxe5 {[%emt 0:00:18]} 8. d4 {[%emt 0:00:07]} Neg4 {[%emt 0:01:23]} 9. Rf1 {[%emt 0:01:21]} b5 {[%emt 0:01:27]} 10. Bb3 {[%emt 0:00:33]} d6 {[%emt 0:00:18]} 11. Nc3 {[%emt 0:03:57]} O-O {[%emt 0:00:52]} 12. h3 {[%emt 0:01:20]} Nh6 {[%emt 0:01:51]} 13. Bg5 {[%emt 0:02:12]} Qd7 {[%emt 0:03:21]} 14. Bxf6 {[%emt 0:00:42]} gxf6 {[%emt 0:02:08]} 15. Qh5 {[%emt 0:00:22]} Kg7 {[%emt 0:03:09]} 16. Rf3 {[%emt 0:00:49]} Ng8 {[%emt 0:02:35]} 17. Nd5 {[%emt 0:02:41]} Bb7 {[%emt 0:02:36]} 18. Nxf6 {[%emt 0:01:06]} Qe7 {[%emt 0:05:21]} 19. Qxh7# {[%emt 0:00:21]} 1-0

[Event "GER-ch Youth U12 2020"]
[Site "Willingen"]
[Date "2020.10.29"]
[Round "4.1"]
[White "Kempe, Caius Emilian"]
[Black "von Mettenheim, Johannes"]
[Result "1-0"]
[WhiteElo "1840"]
[BlackElo "1995"]
[Annotator "TA"]
[PlyCount "143"]
[EventDate "2020.10.27"]
[EventType "swiss"]
[EventRounds "7"]
[EventCountry "GER"]
[SourceTitle "playchess.com"]
[Source "ChessBase"]
[SourceQuality "1"]

{[%evp 12,143,22,14,14,30,22,0,9,2,16,0,41,-19,0,-11,0,-8,21,27,128,33,119,-15,-49,-16,0,-33,140,123,139,143,185,182,167,175,364,17,82,0,0,0,0,-17,-17,-32,0,-31,0,-40,-45,-43,14,-342,514,527,522,527,518,506,514,506,498,487,461,0,396,0,455,444,439,430,565,572,568,549,457,400,289,271,569,561,561,533,670,641,637,620,609,554,12843,12835,12844,12843,12843,543,538,537,533,531,486,395,465,315,416,360,397,380,355,288,12846,12847,12850,12850,12850,27999,27999,27999,27999,27999,27999,27999,27999,27999,27999,27999,27999,27999,27999,27999,27999,27999,27999,27999]} 1. e4 c6 2. Nf3 d5 3. Nc3 dxe4 4. Nxe4 Nf6 5. Ng3 g6 6. d4 Bg7 7. Be2 O-O {B15: Caro-Kann: 3 Nc3: 3...g6 and 3...dxe4 4 Nxe4 Nf6 5 Nxf6+ exf6.} 8. O-O Qc7 9. c3 {[#]} Rd8 $146 {The position is equal.} ({Predecessor:} 9... Nbd7 10. Qc2 c5 11. Ne4 b6 12. dxc5 Nxc5 13. Nxc5 bxc5 14. Qa4 e5 15. Qh4 Rb8 {0-1 (48) Bonev,T (2270)-Angelov,A (2216) Borovetz 2008}) 10. Qc2 Nbd7 11. h4 Ng4 12. Ng5 ({Better is} 12. h5 $14) 12... Ndf6 $1 $11 13. Bc4 e6 14. N5e4 Nxe4 15. Qxe4 e5 {[#]} (15... Nf6 $11 16. Bf4 Qe7) 16. Bg5 (16. h5 $1 $16) 16... Re8 (16... Rf8 $14) 17. d5 (17. h5 $16) 17... h6 {White must now prevent ...cxd5.} 18. d6 Qxd6 19. Rad1 Qc5 $2 (19... Qf8 $1 $15 {keeps the upper hand.} 20. Bd2 Kh8) 20. b4 $16 Qf8 21. f3 hxg5 22. fxg4 Be6 {[#]} 23. h5 $1 {[%cal Rh5g6]} Qe7 $2 (23... Bxc4 24. Qxc4 gxh5) 24. Rd2 $2 ({White must play} 24. hxg6 $18 fxg6 25. Qxg6 Bxc4 26. Nf5 Bxf1 27. Nxe7+ Rxe7 28. Kxf1) 24... Rad8 (24... b5 $11 {remains equal.} 25. Bb3 Bxb3 26. axb3 Qe6) 25. Bxe6 (25. hxg6 $16 fxg6 26. Bd3) 25... Qxe6 $11 26. Rdf2 Re7 27. hxg6 fxg6 28. a4 Rd6 29. b5 Qb3 30. Qe3 e4 $1 {Threatens to win with ...Bd4!} ({And not} 30... cxb5 31. Qxg5 Ree6 32. Ne4 $16) 31. Qxg5 Rde6 (31... Qe6 $15) 32. Nh5 $2 {[%mdl 8192]} (32. Rd2 $1 $11 Re8 33. Rd8 Rxd8 34. Qxd8+ Kh7 35. Qd7) 32... gxh5 $4 {[%mdl 8192]} (32... e3 $19 {and life is good for Black.} 33. Nf6+ Rxf6 {[%mdl 64] Overworked Piece} 34. Rxf6 e2 35. Qxg6 exf1=Q+ 36. Rxf1 Qxc3 37. bxc6 Qxc6 38. Qxc6 bxc6) 33. Rf8+ $1 $18 Kh7 {And now ...Re5 would win.} 34. Qf5+ Rg6 {...Re5 is the strong threat.} 35. gxh5 {[%csl Gh5][%cal Rf5g6][%mdl 64] Pin} Ree6 36. hxg6+ Rxg6 37. Qh5+ Rh6 38. Qf5+ {[%mdl 64] Double Attack} Rg6 39. Qh5+ Rh6 40. Qf7 ({Weaker is} 40. Qf5+ Rg6 $18) 40... Qxf7 41. R8xf7 cxb5 42. Rxb7 bxa4 {[%mdl 4096] Endgame KRR-KRB} 43. Rff7 Rg6 44. Rxa7 Kh6 45. Rfe7 Bf8 $2 (45... Bxc3 {was worth a try.} 46. Rxe4 Rd6 47. Raxa4 Rf6) 46. Rh7+ Kg5 47. Rxa4 Re6 48. Kf1 Be7 49. Ke2 Bf6 50. Rh3 Kf5 51. Rh5+ Kf4 52. Rh6 Rb6 53. Ra2 (53. g3+ $142 Kg5 54. Rh4) 53... Kg5 54. Rh3 Kf4 55. Re3 Rb5 56. Kf2 Kf5 57. Rae2 Re5 58. Kg3 Be7 59. Rf2+ Kg5 {intending ...Bc5.} 60. Rf7 Kg6 $2 (60... Bc5) 61. Rxe7 Rxe7 {KR-KR} 62. Kf4 Kf6 63. Rxe4 Rc7 {White mates.} 64. c4 Rc5 65. Ke3 Kf5 66. g4+ Kf6 67. Kd4 Rc8 68. c5 Rd8+ 69. Kc4 Rd1 70. Kb5 Rb1+ 71. Kc6 Rc1 72. Kb6 {Av CentiPawn Loss W=191/B=-77. Weighted=29/-105} 1-0

[Event "GER-ch Youth U12 2020"]
[Site "Willingen"]
[Date "2020.10.29"]
[Round "4.2"]
[White "Payyappat, Sreyas"]
[Black "Sauer, Tim"]
[Result "1-0"]
[WhiteElo "2144"]
[BlackElo "1729"]
[Annotator "TA"]
[PlyCount "49"]
[EventDate "2020.10.27"]
[EventType "swiss"]
[EventRounds "7"]
[EventCountry "GER"]
[SourceTitle "playchess.com"]
[Source "ChessBase"]
[SourceQuality "1"]

{[%evp 9,49,-64,-25,-33,-26,-31,-31,-31,11,-17,-1,-16,0,0,26,0,37,34,72,0,0,0,0,0,0,-10,0,0,0,0,0,0,0,0,0,0,72,2,226,230,29987,29988]} 1. e4 c6 2. d4 d5 3. f3 e6 4. Be3 dxe4 5. Nc3 exf3 6. Nxf3 {B12: Caro-Kann: Advance Variation.} Nf6 7. Bd3 Nbd7 8. O-O {Black is slightly better.} c5 9. Ne4 Nxe4 10. Bxe4 Nf6 11. Bd3 cxd4 12. Bxd4 Be7 13. c3 O-O 14. Ng5 (14. Ne5 $16) 14... h6 $11 15. Bxf6 $1 hxg5 ({Much weaker is} 15... Bxf6 16. Nh7 $16) 16. Bd4 f5 17. Qb3 Kh8 18. Bc4 $36 {[%mdl 2048] Black is under pressure.} Bf6 19. Rad1 {And now Bc5 would win.} Bxd4+ 20. Rxd4 Qe7 21. Re1 e5 {...Qc5 is the strong threat.} 22. Qd1 {[%cal Rd1h5]} g4 (22... g6 $11 {remains equal.}) 23. Rd5 (23. Qe2 $16) 23... e4 $2 {[#]} (23... Qc7 $1 $11 {and Black is okay.} 24. Bb3 Re8) 24. Qxg4 $1 $18 {[%mdl 512] Intending Qh5+ and mate.} Rf6 $2 (24... Qf6 $18 25. Qh3+ Qh6) (24... fxg4 25. Rh5#) 25. Qh4+ {Av CentiPawn Loss W=-11/B=-78. Weighted=-13/-147} 1-0

[Event "GER-ch Youth U12 2020"]
[Site "Willingen"]
[Date "2020.10.29"]
[Round "4.3"]
[White "Toth, Luca"]
[Black "Nitsche, Nikolai"]
[Result "0-1"]
[WhiteElo "1680"]
[BlackElo "1721"]
[Annotator "NA RC"]
[PlyCount "94"]
[EventDate "2020.10.27"]
[EventType "swiss"]
[EventRounds "7"]
[EventCountry "GER"]
[SourceTitle "playchess.com"]
[Source "ChessBase"]
[SourceQuality "1"]
[TimeControl "40/5400+30:1800+30"]

1. e4 {[%emt 0:00:00]} Nf6 {[%emt 0:00:00]} 2. e5 {[%emt 0:00:00]} Nd5 {[%emt 0:00:00]} 3. d4 {[%emt 0:00:00]} d6 {[%emt 0:00:00]} 4. c4 {[%emt 0:00:00]} Nb6 {[%emt 0:00:16]} 5. exd6 {[%emt 0:00:12]} cxd6 {[%emt 0:00:06]} 6. Nc3 {[%emt 0:00:31]} g6 {[%emt 0:00:25]} 7. Be3 {[%emt 0:00:13]} Bg7 {[%emt 0:00:59]} 8. Nf3 {[%emt 0:00:27]} Bf5 {[%emt 0:02:03]} 9. Bd3 {[%emt 0:02:21]} Bxd3 {[%emt 0:01:13]} 10. Qxd3 {[%emt 0:00:07]} Nc6 {[%emt 0:00:38]} 11. a3 {[%emt 0:00:44]} O-O {[%emt 0:00:59]} 12. Rd1 {[%emt 0:05:20]} Rc8 {[%emt 0:04:11]} 13. c5 {[%emt 0:02:09]} dxc5 {[%emt 0:00:27]} 14. dxc5 {[%emt 0:00:06]} Qxd3 {[%emt 0:00:18]} 15. Rxd3 {[%emt 0:00:05]} Nc4 {[%emt 0:00:46]} 16. Nd1 {[%emt 0:18:22]} Rfd8 {[%emt 0:07:03]} 17. Rxd8+ {[%emt 0:03:08]} Rxd8 {[%emt 0:00:06]} 18. Bc1 {[%emt 0:00:21]} N6e5 {[%emt 0:01:43]} 19. Nxe5 {[%emt 0:01:35]} Nxe5 {[%emt 0:00:06]} 20. Ke2 {[%emt 0:04:47]} Nd3 {[%emt 0:08:02]} 21. Be3 {[%emt 0:00:27]} a5 {[%emt 0:02:01]} 22. c6 {[%emt 0:13:28]} bxc6 {[%emt 0:01:16]} 23. Bb6 {[%emt 0:00:14]} Rb8 {[%emt 0:02:22]} 24. Bxa5 {[%emt 0:03:05]} Nxb2 {[%emt 0:00:08]} 25. Nxb2 {[%emt 0:04:38]} Rxb2+ {[%emt 0:00:05]} 26. Bd2 {[%emt 0:07:28]} Bh6 {[%emt 0:00:18]} 27. Rd1 {[%emt 0:00:03]} Ra2 {[%emt 0:00:12]} 28. Ke1 {[%emt 0:00:10]} Bxd2+ {[%emt 0:00:09]} 29. Rxd2 {[%emt 0:00:04]} Rxa3 {[%emt 0:00:05]} 30. Rd8+ {[%emt 0:00:53]} Kg7 {[%emt 0:00:06]} 31. Kd2 {[%emt 0:03:23]} Ra2+ {[%emt 0:00:08]} 32. Ke3 {[%emt 0:00:07]} Rc2 {[%emt 0:00:04]} 33. Rd1 {[%emt 0:01:33]} c5 {[%emt 0:00:14]} 34. g3 {[%emt 0:02:59]} c4 {[%emt 0:02:26]} 35. h4 {[%emt 0:00:41]} h5 {[%emt 0:00:13]} 36. Rd4 {[%emt 0:01:37]} Rc3+ {[%emt 0:02:25]} 37. Kd2 {[%emt 0:00:23]} Rd3+ {[%emt 0:00:38]} 38. Rxd3 {[%emt 0:00:18]} cxd3 {[%emt 0:00:05]} 39. Kxd3 {[%emt 0:00:04]} e5 {[%emt 0:00:59]} 40. Ke4 {[%emt 0:03:22]} Kf6 {[%emt 0:00:10]} 41. Kd5 {[%emt 0:31:30]} Kf5 {[%emt 0:30:32]} 42. f3 {[%emt 0:01:05]} f6 {[%emt 0:00:06]} 43. Kd6 {[%emt 0:10:53]} e4 {[%emt 0:00:28]} 44. fxe4+ {[%emt 0:00:12]} Kxe4 {[%emt 0:00:04]} 45. Ke6 {[%emt 0:00:17]} Kf3 {[%emt 0:00:05]} 46. Kxf6 {[%emt 0:00:13]} Kxg3 {[%emt 0:00:04]} 47. Kg5 {[%emt 0:00:24]} Kh3 {[%emt 0:00:06]} 0-1

[Event "GER-ch Youth U12 2020"]
[Site "Willingen"]
[Date "2020.10.29"]
[Round "4.4"]
[White "Udelnov, Valentin"]
[Black "Navarro Jahnke, Leo"]
[Result "1-0"]
[WhiteElo "1691"]
[BlackElo "1686"]
[Annotator "NA RC"]
[PlyCount "79"]
[EventDate "2020.10.27"]
[EventType "swiss"]
[EventRounds "7"]
[EventCountry "GER"]
[SourceTitle "playchess.com"]
[Source "ChessBase"]
[SourceQuality "1"]
[TimeControl "40/5400+30:1800+30"]

1. e4 {[%emt 0:00:00]} c5 {[%emt 0:00:00]} 2. Nf3 {[%emt 0:00:00]} Nf6 {[%emt 0:00:00]} 3. e5 {[%emt 0:00:36]} Nd5 {[%emt 0:00:00]} 4. Nc3 {[%emt 0:00:32]} Nxc3 {[%emt 0:00:00]} 5. dxc3 {[%emt 0:00:04]} Nc6 {[%emt 0:00:10]} 6. Bf4 {[%emt 0:00:46]} Qb6 {[%emt 0:00:08]} 7. b3 {[%emt 0:01:34]} Qc7 {[%emt 0:01:18]} 8. Bc4 {[%emt 0:01:47]} e6 {[%emt 0:00:33]} 9. Qe2 {[%emt 0:00:38]} h6 {[%emt 0:00:23]} 10. O-O-O {[%emt 0:00:45]} a6 {[%emt 0:02:44]} 11. Rd2 {[%emt 0:01:58]} b5 {[%emt 0:00:37]} 12. Bd3 {[%emt 0:00:09]} c4 {[%emt 0:01:12]} 13. Be4 {[%emt 0:00:26]} Qa5 {[%emt 0:07:08]} 14. Kd1 {[%emt 0:11:48]} Qxc3 {[%emt 0:03:55]} 15. Ke1 {[%emt 0:00:26]} Bb7 {[%emt 0:09:33]} 16. Kf1 {[%emt 0:02:27]} Na5 {[%emt 0:03:56]} 17. Rd1 {[%emt 0:01:33]} Bxe4 {[%emt 0:03:42]} 18. Qxe4 {[%emt 0:00:06]} Nc6 {[%emt 0:00:26]} 19. g3 {[%emt 0:05:29]} Bc5 {[%emt 0:08:30]} 20. Kg2 {[%emt 0:01:55]} Qb4 {[%emt 0:08:47]} 21. h4 {[%emt 0:05:18]} cxb3 {[%emt 0:00:32]} 22. Qd3 {[%emt 0:00:23]} Rd8 {[%emt 0:03:21]} 23. axb3 {[%emt 0:00:47]} Qa5 {[%emt 0:01:21]} 24. c3 {[%emt 0:04:12]} Qc7 {[%emt 0:08:37]} 25. Rd2 {[%emt 0:05:04]} Ne7 {[%emt 0:04:19]} 26. Ra2 {[%emt 0:04:03]} Qc6 {[%emt 0:04:31]} 27. c4 {[%emt 0:03:06]} b4 {[%emt 0:02:21]} 28. Rha1 {[%emt 0:01:03]} Ra8 {[%emt 0:00:35]} 29. h5 {[%emt 0:02:09]} Nf5 {[%emt 0:02:15]} 30. g4 {[%emt 0:02:38]} Nd4 {[%emt 0:04:06]} 31. Kg3 {[%emt 0:03:10]} Qb6 {[%emt 0:00:57]} 32. Nxd4 {[%emt 0:00:47]} Bxd4 {[%emt 0:00:24]} 33. Rd1 {[%emt 0:00:05]} Bc5 {[%emt 0:01:16]} 34. Qxd7+ {[%emt 0:00:35]} Kf8 {[%emt 0:00:06]} 35. Kf3 {[%emt 0:04:21]} Be7 {[%emt 0:00:41]} 36. Rad2 {[%emt 0:03:38]} f6 {[%emt 0:02:42]} 37. exf6 {[%emt 0:01:01]} gxf6 {[%emt 0:00:12]} 38. Bd6 {[%emt 0:01:30]} Ra7 {[%emt 0:03:51]} 39. Bxe7+ {[%emt 0:00:42]} Kf7 {[%emt 0:00:01]} 40. Bc5+ {[%emt 0:00:12]} 1-0